Verilog HDL : A Guide to Digital Design and Synthesis (Record no. 1876)

MARC details
000 -LEADER
fixed length control field 00379nam a2200145Ia 4500
008 - FIXED-LENGTH DATA ELEMENTS--GENERAL INFORMATION
fixed length control field 191201s2005 xx 000 0 und d
082 ## - DEWEY DECIMAL CLASSIFICATION NUMBER
Classification number 621.392
Item number PAV
100 ## - MAIN ENTRY--PERSONAL NAME
Personal name PALNITKAR, Samir
245 #0 - TITLE STATEMENT
Title Verilog HDL : A Guide to Digital Design and Synthesis
250 ## - EDITION STATEMENT
Edition statement 2nd
260 ## - PUBLICATION, DISTRIBUTION, ETC. (IMPRINT)
Place of publication, distribution, etc N.Delhi
Name of publisher, distributor, etc Pearson Education
Date of publication, distribution, etc 2005
300 ## - PHYSICAL DESCRIPTION
Extent 492
650 ## - SUBJECT ADDED ENTRY--TOPICAL TERM
Topical term or geographic name as entry element B.Tech(ECE)
942 ## - ADDED ENTRY ELEMENTS (KOHA)
Source of classification or shelving scheme Dewey Decimal Classification
Koha item type Text Books
Holdings
Withdrawn status Lost status Source of classification or shelving scheme Damaged status Not for loan Collection code Home library Current library Date acquired Source of acquisition Cost, normal purchase price Bill Number Total Checkouts Full call number Acc. no. / Barcode Date last seen Date last borrowed Bill Date Koha item type Currency Actual Cost, discounted price Public note
    Dewey Decimal Classification     B.Tech(ECE) PIET C-LIBRARY PIET C-LIBRARY 04/09/2006 M/s UBS, Delhi 225.00 125382 5 621.392 PAV 3430 15/06/2023 06/06/2023 23/08/2005 Text Books      
    Dewey Decimal Classification     B.Tech(ECE) PIET C-LIBRARY PIET C-LIBRARY 04/09/2006 M/s UBS, Delhi 225.00 125382 6 621.392 PAV 3431 19/06/2025 12/06/2025 23/08/2005 Text Books      
    Dewey Decimal Classification     B.Tech(ECE) PIET C-LIBRARY PIET C-LIBRARY 06/03/2024 JBA Distributor 735.00 INV2847 3 621.392 PAV 35631 01/06/2026 04/08/2025 06/03/2024 Text Books In rupees 588.00 Decentralisation

Design & Developed by: PIET Central Library
R70 Miles Stone Pattikalyana Samalkha Panipat 132102
mail ID :- [email protected], Phone No:- 0180-2569700 Ex.216